000 00258nam a2200097Ia 4500
001 688557
005 20250826161617.0
008 250824s9999 xx 000 0 und d
245 0 _aALLAHA YAKLAŞTIRAN AMELLER
_cHEKİMOĞLU İSMAİL
260 _bTİMAŞ YAYINLARI
999 _c688557
_d688557